000 00619nam a2200253Ia 4500
005 20260306154629.0
008 008 260114s9999 xx 000 0 eng d
020 _a9781139136624
037 _aEBOOK
040 _aCRL
040 _beng
040 _cCRL
041 _2eng
041 _aeng
084 _qCRL
100 _aSidgwick
_9888139
245 0 _aOutlines of the History of Ethics for English Readers
260 _bCambridge University Press
260 _c2012
650 _a Philosophy
856 _uhttps://doi.org/10.1017/CBO9781139136624
942 _cEBOOK
999 _c1708303
_d1708303